America And Russia In A Changing World : (Record no. 13761)
[ view plain ]
| 000 -LEADER | |
|---|---|
| fixed length control field | 01104nam a22002057a 4500 |
| 008 - FIXED-LENGTH DATA ELEMENTS--GENERAL INFORMATION | |
| fixed length control field | 100323t xxu||||| |||| 00| 0 eng d |
| 082 ## - DEWEY DECIMAL CLASSIFICATION NUMBER | |
| Edition number | 18 |
| Classification number | 327.47073 |
| Item number | HAR |
| 100 1# - MAIN ENTRY--PERSONAL NAME | |
| Personal name | Harriman, W. Averell. |
| Fuller form of name | William Averell Harriman |
| 9 (RLIN) | 13041 |
| 245 ## - TITLE STATEMENT | |
| Title | America And Russia In A Changing World : |
| Remainder of title | A Half Century of Personal Observation / |
| Statement of responsibility, etc | W. Averell Harriman ; Introduction by Arthur M. Schlesinger, Jr. |
| 260 ## - PUBLICATION, DISTRIBUTION, ETC. (IMPRINT) | |
| Place of publication, distribution, etc | New York : |
| Name of publisher, distributor, etc | Doubleday, |
| Date of publication, distribution, etc | c1971. |
| 300 ## - PHYSICAL DESCRIPTION | |
| Extent | xix, 218p. ; |
| Dimensions | 23cm. |
| 650 #0 - SUBJECT ADDED ENTRY--TOPICAL TERM | |
| Topical term or geographic name as entry element | Vietnamese Conflict, |
| Active dates | 1961-. |
| 9 (RLIN) | 13042 |
| 650 #0 - SUBJECT ADDED ENTRY--TOPICAL TERM | |
| Topical term or geographic name as entry element | United States |
| General subdivision | Foreign relations |
| Geographic subdivision | Russia. |
| 9 (RLIN) | 13043 |
| 650 #0 - SUBJECT ADDED ENTRY--TOPICAL TERM | |
| Topical term or geographic name as entry element | Russia |
| General subdivision | Foreign relations |
| Geographic subdivision | United States. |
| 9 (RLIN) | 13044 |
| 653 ## - INDEX TERM--UNCONTROLLED | |
| Uncontrolled term | Russia |
| -- | Foreign relations with United States, 1926-1971 |
| -- | Personal observations |
| 653 ## - INDEX TERM--UNCONTROLLED | |
| Uncontrolled term | United States |
| -- | Foreign relations with Russia, 1926-1971 |
| -- | Personal observations |
| 700 1# - ADDED ENTRY--PERSONAL NAME | |
| Personal name | Schlesinger, Arthur M. |
| 9 (RLIN) | 13045 |
| 942 ## - ADDED ENTRY ELEMENTS (KOHA) | |
| Source of classification or shelving scheme | Dewey Decimal Classification |
| Item type | Book - Borrowing |
| Withdrawn status | Item status | Source of classification or shelving scheme | Damaged status | Not for loan | Vendor | Home library | Current library | Shelving location | Date acquired | Source of acquisition | Total Checkouts | Full call number | Barcode | Date last seen | Date last borrowed | Koha item type | Public note |
|---|---|---|---|---|---|---|---|---|---|---|---|---|---|---|---|---|---|
| Dewey Decimal Classification | Donation-Gift | Central Library | Central Library | First floor | 23/03/2010 | Donation | 1 | 327.47073 HAR | 000020268 | 04/10/2025 | 28/09/2025 | Book - Borrowing | Donated by: Alaa Abd El- Ghaney |